Statistics for Ranked All-Time Barcelona Players

Click here to take the quiz!

General Stats

  • This quiz has been taken 93 times
  • The average score is 11 of 15

Answer Stats

NationalityAnswer% Correct
ArgentinaMessi
100%
UruguaySuarez
95%
SpainIniesta
93%
SpainXavi
93%
BrazilRonaldinho
88%
SpainPuyol
84%
NetherlandsCruyff
81%
BrazilNeymar
81%
SpainBusquets
72%
ArgentinaMaradona
69%
BrazilDani Alves
64%
SpainDavid Villa
44%
SpainAlba
42%
SpainGuardiola
37%
ArgentinaRiquelme
22%

Score Distribution

Percentile by Number Answered

Percent of People with Each Score

Your Score History

You have not taken this quiz